[Event "First Saturday 2010 december FM-A"]
[Site "Budapest"]
[Date "2010.12.11"]
[Round "8"]
[White "Zala, Gyula"]
[Black "Letay, Gyula"]
[Result "1-0"]
[WhiteElo "1988"]
[BlackElo "2089"]
[PlyCount "87"]
[EventDate "2010.12.04"]

1. a3 e5 2. b4 d5 3. Bb2 Bd6 4. f4 exf4 5. Bxg7 Qh4+ 6. g3 fxg3 7. Bg2 gxh2+ 8.
Kf1 hxg1=Q+ 9. Kxg1 Qg5 10. Bxh8 Bf5 11. Bd4 Nd7 12. Nc3 c6 13. e3 Ngf6 14. Qf3
Bg4 15. Bxf6 Nxf6 16. Qf2 Nh5 17. b5 h6 18. bxc6 bxc6 19. Rf1 f5 20. Ne2 Bxe2
21. Qxe2 Ng3 22. Qa6 Nxh1 23. Qxc6+ Ke7 24. Qb7+ Kf6 25. Qxa8 Qg3 26. Qh8+ Kg6
27. Qg8+ Kf6 28. Qxg3 Nxg3 29. Rb1 f4 30. Rb3 fxe3 31. dxe3 Ke5 32. a4 Bc5 33.
Kf2 Nf5 34. Bh3 Nd6 35. Ke2 d4 36. exd4+ Kxd4 37. Be6 Ke5 38. Bd7 Kd4 39. Rh3
Nc4 40. c3+ Kd5 41. Rxh6 Nb6 42. Be6+ Ke5 43. Bb3 Nd7 44. Kd3 1-0

[Event "First Saturday 2010 december FM-A"]
[Site "Budapest"]
[Date "2010.12.11"]
[Round "8"]
[White "Borda, Lajos"]
[Black "Csomor, Viktor"]
[Result "1/2-1/2"]
[WhiteElo "2127"]
[BlackElo "2084"]
[PlyCount "38"]
[EventDate "2010.12.04"]

1. e4 e6 2. d4 d5 3. e5 c5 4. c3 Nc6 5. Nf3 Nge7 6. Bd3 cxd4 7. cxd4 Nf5 8.
Bxf5 exf5 9. O-O Be7 10. Nc3 Be6 11. Ne1 g5 12. f4 g4 13. Be3 Rc8 14. Rc1 O-O
15. Nd3 Na5 16. b3 Nc6 17. Na4 b6 18. Qd2 Qd7 19. Qb2 Nb4 1/2-1/2

[Event "First Saturday 2010 december FM-A"]
[Site "Budapest"]
[Date "2010.12.11"]
[Round "8"]
[White "Mayer, Istvan"]
[Black "Koczo, Kristof"]
[Result "0-1"]
[WhiteElo "2049"]
[BlackElo "2187"]
[PlyCount "58"]
[EventDate "2010.12.04"]

1. e4 c5 2. Nf3 d6 3. d4 cxd4 4. Nxd4 Nf6 5. Nc3 a6 6. a4 e6 7. Bc4 Nc6 8. O-O
Bd7 9. Ba2 Rc8 10. Nde2 Nb4 11. Bb3 Bc6 12. Ng3 d5 13. e5 Nd7 14. f4 Nc5 15. f5
Nxb3 16. cxb3 Bc5+ 17. Kh1 Qd7 18. Nh5 Kd8 19. Bg5+ Kc7 20. Rc1 Kb8 21. fxe6
fxe6 22. Ne4 dxe4 23. Rxc5 Qxd1 24. Rxd1 Nd3 25. Rc2 Bxa4 26. Re2 Bxb3 27. Rf1
Rhf8 28. Rxf8 Rxf8 29. h4 Bd1 0-1

[Event "First Saturday 2010 december FM-A"]
[Site "Budapest"]
[Date "2010.12.12"]
[Round "9"]
[White "Letay, Gyula"]
[Black "Borda, Lajos"]
[Result "1/2-1/2"]
[WhiteElo "2089"]
[BlackElo "2127"]
[PlyCount "67"]
[EventDate "2010.12.04"]

1. e4 e5 2. Nf3 Nc6 3. Bb5 g6 4. d4 Nxd4 5. Nxd4 exd4 6. Qxd4 Qf6 7. Qd3 Bg7 8.
Nc3 c6 9. Bc4 Ne7 10. Be3 b5 11. Bb3 a5 12. a4 b4 13. Nd1 O-O 14. O-O d5 15.
exd5 Ba6 16. Bc4 Bxc4 17. Qxc4 cxd5 18. Qd3 d4 19. Bd2 Rac8 20. Re1 Rc7 21. b3
Rfc8 22. Rc1 Qf5 23. Re4 Nd5 24. Nb2 Nc3 25. Bxc3 Rxc3 26. Qe2 Bh6 27. g4 Qf6
28. Re8+ Rxe8 29. Qxe8+ Kg7 30. Rf1 Rxc2 31. Nd3 Qe6 32. Qxe6 fxe6 33. Rd1 Kf6
34. f4 1/2-1/2

[Event "First Saturday 2010 december FM-A"]
[Site "Budapest"]
[Date "2010.12.12"]
[Round "9"]
[White "Schenkerik, Csaba"]
[Black "Zala, Gyula"]
[Result "0-1"]
[WhiteElo "2127"]
[BlackElo "1988"]
[PlyCount "80"]
[EventDate "2010.12.04"]

1. e4 e5 2. f4 g5 3. fxg5 Qxg5 4. Nf3 Qg7 5. Bc4 d5 6. Bxd5 Nf6 7. O-O Nxd5 8.
exd5 Bh3 9. Qe2 Rg8 10. Rf2 Nd7 11. d4 O-O-O 12. Ng5 Qh6 13. Nc3 Rxg5 14. Ne4
Be7 15. d6 cxd6 16. Nxg5 Bxg5 17. Bxg5 Qxg5 18. Rxf7 Rg8 19. g3 Qg6 20. Rf2 e4
21. Qc4+ Kb8 22. Re1 Nb6 23. Qf7 d5 24. Re3 Be6 25. Qe7 Bc8 26. Qe5+ Ka8 27.
Rf6 Qg4 28. Qc7 Qd1+ 29. Rf1 Qxd4 30. Rfe1 Rg7 31. Qd8 Rd7 32. Qf8 Rc7 33. c3
Qe5 34. Qb4 h5 35. b3 h4 36. c4 hxg3 37. hxg3 d4 38. Rxe4 Qxg3+ 39. Kf1 Qf3+
40. Kg1 Rg7+ 0-1

[Event "First Saturday 2010 december FM-A"]
[Site "Budapest"]
[Date "2010.12.12"]
[Round "9"]
[White "Tessedik, Karoly"]
[Black "Grimm, Daniel"]
[Result "0-1"]
[WhiteElo "1993"]
[BlackElo "1912"]
[PlyCount "80"]
[EventDate "2010.12.04"]

1. e4 c5 2. Nc3 Nc6 3. f4 d6 4. Nf3 g6 5. Bc4 Bg7 6. O-O e6 7. Ng5 h6 8. Nxf7
Kxf7 9. f5 Nf6 10. fxe6+ Bxe6 11. Nd5 Ne5 12. Be2 Bxd5 13. exd5 Ke7 14. c3 Qb6
15. d4 cxd4 16. cxd4 Rae8 17. Kh1 Ned7 18. Qd3 Kd8 19. Bf3 Qa6 20. Qxa6 bxa6
21. Bf4 g5 22. Bxd6 g4 23. Bd1 Ne4 24. Bb4 Bxd4 25. Ba4 Nf2+ 26. Rxf2 Bxf2 27.
Rf1 Ref8 28. Bxf8 Rxf8 29. g3 Bb6 30. Re1 Nc5 31. Bc2 Rf2 32. Bg6 Rxb2 33. Re8+
Kd7 34. Rh8 Rxa2 35. Bf5+ Kd6 36. Rxh6+ Kxd5 37. Bxg4 Rb2 38. Rf6 Nd3 39. h4
Nf2+ 40. Rxf2 Bxf2 0-1

[Event "First Saturday 2010 december FM-A"]
[Site "Budapest"]
[Date "2010.12.13"]
[Round "10"]
[White "Darazs, Zoltan"]
[Black "Tessedik, Karoly"]
[Result "1-0"]
[WhiteElo "2183"]
[BlackElo "1993"]
[PlyCount "113"]
[EventDate "2010.12.04"]

1. e4 c6 2. d4 d5 3. exd5 cxd5 4. c4 e6 5. Nc3 dxc4 6. Bxc4 Nf6 7. Nf3 Be7 8.
O-O O-O 9. Ne5 Nc6 10. Nxc6 bxc6 11. b3 Qc7 12. Qe2 Rd8 13. Rd1 Bd6 14. h3 Bb7
15. Bg5 Be7 16. Na4 c5 17. dxc5 Bxc5 18. Nxc5 Qxc5 19. Rxd8+ Rxd8 20. Rd1 Rxd1+
21. Qxd1 Nd5 22. Qg4 Kf8 23. Qg3 Qc7 24. Qd3 Kg8 25. Qd4 h6 26. Bh4 Qa5 27. a4
a6 28. Qa7 Qb6 29. Qb8+ Kh7 30. Bd3+ f5 31. Bg3 Qc6 32. f3 Qc8 33. Qe5 Kg8 34.
Bc4 Qd7 35. Bf2 Kh7 36. Bd4 Bc8 37. b4 Qc7 38. Bxd5 Qxe5 39. Bxe5 exd5 40. b5
axb5 41. axb5 g6 42. Kf2 Kg8 43. Ke3 Kf7 44. Kd4 Ke6 45. Bg7 h5 46. Kc5 g5 47.
Kb6 Kd7 48. Ka7 g4 49. Kb8 gxh3 50. gxh3 Kd8 51. Bf6+ Kd7 52. b6 Ba6 53. Ka7
Bc8 54. b7 Bxb7 55. Kxb7 Kd6 56. Bd4 f4 57. h4 1-0

[Event "First Saturday 2010 december FM-A"]
[Site "Budapest"]
[Date "2010.12.13"]
[Round "10"]
[White "Zala, Gyula"]
[Black "Czibulka, Zoltan dr"]
[Result "1/2-1/2"]
[WhiteElo "1988"]
[BlackElo "2092"]
[PlyCount "27"]
[EventDate "2010.12.04"]

1. e4 e6 2. d4 d5 3. e5 c5 4. Nf3 Nc6 5. c3 Bd7 6. Bd3 Rc8 7. O-O Qb6 8. dxc5
Bxc5 9. b4 Bf8 10. Bb2 Nge7 11. a4 g6 12. a5 Qc7 13. Qe2 Bg7 14. Re1 1/2-1/2

[Event "First Saturday 2010 december FM-A"]
[Site "Budapest"]
[Date "2010.12.13"]
[Round "10"]
[White "Borda, Lajos"]
[Black "Schenkerik, Csaba"]
[Result "0-1"]
[WhiteElo "2127"]
[BlackElo "2127"]
[PlyCount "84"]
[EventDate "2010.12.04"]

1. e4 Nf6 2. e5 Nd5 3. Nf3 d6 4. exd6 exd6 5. d4 Be7 6. Bd3 O-O 7. O-O Re8 8.
a3 c6 9. c4 Nc7 10. Re1 d5 11. Ne5 g6 12. c5 Ne6 13. Bc2 Nd7 14. Nxd7 Bxd7 15.
Nc3 Bf6 16. Be3 Nxd4 17. Ne2 Ne6 18. b4 Bxa1 19. Qxa1 f6 20. h4 a5 21. Qb1 Kf7
22. Ng3 axb4 23. axb4 Qc7 24. h5 Rg8 25. Bh6 Nf4 26. Qc1 g5 27. Bxh7 Rge8 28.
Re3 Bg4 29. Qb1 Rxe3 30. fxe3 Ne6 31. Qg6+ Ke7 32. Nf1 Qe5 33. Bg8 Ra1 34. Bf8+
Kd8 35. Qf7 Nxf8 36. Qxf8+ Kc7 37. h6 Bf5 38. Kf2 Ra2+ 39. Kg1 Be4 40. Qd6+
Qxd6 41. cxd6+ Kxd6 42. Kh2 Ra8 0-1

[Event "First Saturday 2010 december FM-A"]
[Site "Budapest"]
[Date "2010.12.13"]
[Round "10"]
[White "Mayer, Istvan"]
[Black "Letay, Gyula"]
[Result "1/2-1/2"]
[WhiteElo "2049"]
[BlackElo "2089"]
[PlyCount "27"]
[EventDate "2010.12.04"]

1. e4 e5 2. Nf3 Nc6 3. Bb5 a6 4. Ba4 Nf6 5. O-O Be7 6. d3 O-O 7. c3 d6 8. h3 h6
9. Bc2 Be6 10. d4 exd4 11. cxd4 Nb4 12. d5 Nxc2 13. Qxc2 Bd7 14. Nc3 1/2-1/2

[Event "First Saturday 2010 december FM-A"]
[Site "Budapest"]
[Date "2010.12.14"]
[Round "11"]
[White "Letay, Gyula"]
[Black "Koczo, Kristof"]
[Result "0-1"]
[WhiteElo "2089"]
[BlackElo "2187"]
[PlyCount "102"]
[EventDate "2010.12.04"]

1. e4 c6 2. d3 d5 3. Nd2 e5 4. Ngf3 Bd6 5. h3 Nf6 6. g3 O-O 7. Bg2 Nbd7 8. O-O
a5 9. a4 Re8 10. c3 Nf8 11. Qe2 Ng6 12. Nh2 Be6 13. h4 Qd7 14. h5 Nf8 15. b3
Rad8 16. Bb2 Bc7 17. Rad1 dxe4 18. dxe4 Qd3 19. Bf3 Qc2 20. Bc1 Qxc3 21. g4
Bxb3 22. Nxb3 Qxb3 23. g5 N6d7 24. h6 g6 25. Rd3 Qxa4 26. Bg4 Nc5 27. Re3 Nfe6
28. Bxe6 Nxe6 29. Ng4 Nf4 30. Nf6+ Kh8 31. Qb2 Re7 32. Rb3 Ne2+ 33. Kg2 b5 34.
Be3 Nd4 35. Rc3 Qb4 36. Qa1 Qd6 37. Qb2 b4 38. Rc4 c5 39. Rfc1 Bb6 40. Nd5 Red7
41. Nxb6 Qxb6 42. Rxc5 Qe6 43. Kg3 f5 44. gxf6 Qxf6 45. Rc7 Qf3+ 46. Kh2 Rxc7
47. Rxc7 Qxe4 48. Qc1 Qh4+ 49. Kg2 Qg4+ 50. Kf1 Qh3+ 51. Ke1 Qh1+ 0-1

[Event "First Saturday 2010 december FM-A"]
[Site "Budapest"]
[Date "2010.12.14"]
[Round "11"]
[White "Schenkerik, Csaba"]
[Black "Mayer, Istvan"]
[Result "1/2-1/2"]
[WhiteElo "2127"]
[BlackElo "2049"]
[PlyCount "27"]
[EventDate "2010.12.04"]

1. e4 e6 2. d4 d5 3. Nc3 Bb4 4. e5 c5 5. a3 Ba5 6. b4 cxd4 7. Nb5 Bc7 8. f4 Nc6
9. Nf3 f6 10. Nxc7+ Qxc7 11. b5 Nd8 12. Bd3 Nf7 13. exf6 Nxf6 14. O-O 1/2-1/2

[Event "First Saturday 2010 december FM-A"]
[Site "Budapest"]
[Date "2010.12.14"]
[Round "11"]
[White "Czibulka, Zoltan dr"]
[Black "Borda, Lajos"]
[Result "1/2-1/2"]
[WhiteElo "2092"]
[BlackElo "2127"]
[PlyCount "29"]
[EventDate "2010.12.04"]

1. Nf3 Nf6 2. c4 c5 3. g3 g6 4. Bg2 Bg7 5. Nc3 Nc6 6. O-O O-O 7. b3 d6 8. Bb2
e5 9. d3 Qe7 10. Ng5 h6 11. Nge4 Ne8 12. Nd5 Qd8 13. e3 f5 14. Nec3 Kh7 15. Qd2
1/2-1/2

[Event "First Saturday 2010 december FM-A"]
[Site "Budapest"]
[Date "2010.12.14"]
[Round "11"]
[White "Tessedik, Karoly"]
[Black "Zala, Gyula"]
[Result "0-1"]
[WhiteElo "1993"]
[BlackElo "1988"]
[PlyCount "100"]
[EventDate "2010.12.04"]

1. g3 f5 2. d3 e5 3. Bg2 d6 4. Nc3 c6 5. e4 Nf6 6. Bg5 Be7 7. Bxf6 Bxf6 8. Qh5+
g6 9. Qe2 O-O 10. h4 Qa5 11. Qd2 f4 12. O-O-O Be6 13. Kb1 Nd7 14. Nd5 Qxd2 15.
Nxf6+ Nxf6 16. Rxd2 Nh5 17. Bf3 fxg3 18. fxg3 Nxg3 19. Rhh2 Nf1 20. h5 Nxd2+
21. Rxd2 Rf4 22. hxg6 hxg6 23. Rg2 Kh7 24. b3 Raf8 25. Rg3 g5 26. Kc1 g4 27.
Be2 Kh6 28. Kd2 d5 29. exd5 cxd5 30. c4 d4 31. b4 Rg8 32. a4 Rg5 33. c5 Bb3 34.
a5 Ba4 35. Ke1 Bd7 36. Bf1 a6 37. Be2 Rh5 38. Rg2 Rh4 39. Bd1 Bc6 40. Rg3 Kg5
41. Be2 Kf6 42. Bd1 Bd7 43. Rg2 Ke7 44. Be2 Kd8 45. Bd1 Kc7 46. Kd2 Rh1 47. Bc2
Bc6 48. Rg3 Rh2+ 49. Ne2 Rff2 50. Bd1 Bf3 0-1

[Event "First Saturday 2010 december FM-A"]
[Site "Budapest"]
[Date "2010.12.14"]
[Round "11"]
[White "Grimm, Daniel"]
[Black "Darazs, Zoltan"]
[Result "0-1"]
[WhiteElo "1912"]
[BlackElo "2183"]
[PlyCount "106"]
[EventDate "2010.12.04"]

1. e4 e5 2. Nf3 Nc6 3. Bb5 a6 4. Ba4 Nf6 5. O-O Be7 6. Re1 b5 7. Bb3 O-O 8. c3
d5 9. exd5 e4 10. Ng5 Bg4 11. Qc2 Ne5 12. Nxe4 Nxe4 13. Qxe4 Bd6 14. d4 f5 15.
Qc2 Nf3+ 16. gxf3 Qh4 17. Re5 Bxf3 18. Nd2 Qg4+ 19. Kf1 Qg2+ 20. Ke1 Qh1+ 21.
Nf1 Rae8 22. Bf4 g5 23. Bxg5 Bxe5 24. dxe5 Rxe5+ 25. Be3 f4 26. Qd3 fxe3 27.
d6+ Bd5 28. Bxd5+ Qxd5 29. Qxd5+ Rxd5 30. Nxe3 Rxd6 31. Ke2 Rfd8 32. Rd1 Rxd1
33. Nxd1 Rd5 34. Ne3 Rh5 35. Nf1 Kf7 36. Ke3 Re5+ 37. Kd2 Kf6 38. f4 Re4 39.
Ng3 Re8 40. b3 Kg6 41. b4 h5 42. h4 a5 43. a3 a4 44. f5+ Kh6 45. Kd3 Rg8 46.
Ne2 Rg4 47. Nd4 c6 48. Nxc6 Rxh4 49. Nd4 Rg4 50. Nxb5 h4 51. f6 h3 52. f7 Kg7
53. Nd6 h2 0-1

xe4 13